000 00580nam a2200217Ia 4500
003 OSt
005 20220926021511.0
006 a|||||r|||| 00| 0
007 ta
008 220923b |||||||| |||| 00| 0 eng d
037 _cGeneral Book
040 _aRTL
_cRTL
_beng
041 _2eng
_aeng
082 _aY1y7792-3, K5
100 _aSmith M G
_9118882
245 0 _aStratification in Grenada
260 _aNew York
_bUni of California Press
_c1965
300 _a271p
_ccm.
942 _hY1y7792-3, K5
_cGB
_2CC
999 _c636937
_d636937